Multiplication au hasard - Statistiques

Statistiques générales
  • Ce quiz a été pris 178 fois
    170 depuis la dernière actualisation
  • Le résultat moyen est 18 sur 20
Statistiques - réponses
Calculs Réponses % Correct
2*1 2
100%
1*3 3
99%
2*3 6
99%
10*2 20
98%
3*7 21
98%
6*6 36
97%
4*8 32
95%
9*9 81
95%
7*4 28
94%
8*6 48
94%
5*2 10
93%
9*8 72
93%
7*7 49
92%
5*6 30
91%
9*7 63
91%
7*8 56
89%
11*11 121
86%
12*12 144
77%
13*13 169
73%
16*16 256
58%
Aucun quiz correspondant
Distribution des résultats
% des personnes avec chaque résultat
Percentile par nombre de réponses
Votre historique - résultats
Vous n’avez pas pris ce quiz depuis la dernière actualisation